FUNDAMENTALS OF STATISTICS (Record no. 25730)

MARC details
000 -LEADER
fixed length control field 00326nam a22001457a 4500
003 - CONTROL NUMBER IDENTIFIER
control field SGT
020 ## - INTERNATIONAL STANDARD BOOK NUMBER
International Standard Book Number 978-93-5693-749-9
082 ## - DEWEY DECIMAL CLASSIFICATION NUMBER
Classification number 519.5
Item number GUP
100 ## - MAIN ENTRY--PERSONAL NAME
Personal name GUPTA, S.C.
245 ## - TITLE STATEMENT
Title FUNDAMENTALS OF STATISTICS
260 ## - PUBLICATION, DISTRIBUTION, ETC. (IMPRINT)
Place of publication, distribution, etc INDIA
Name of publisher, distributor, etc HIMALAYA PUB.
Year of Publication 2023
300 ## - PAGE DESCRIPTION
No. of Pages 28.79
650 ## - SUBJECT ADDED ENTRY--TOPICAL TERM
Topical term or geographic name as entry element STATISTICS
942 ## - ADDED ENTRY ELEMENTS (KOHA)
Source of classification or shelving scheme Dewey Decimal Classification
Koha item type Books
942 ## - ADDED ENTRY ELEMENTS (KOHA)
-- 7
Holdings
Withdrawn status Lost status Source of classification or shelving scheme Damaged status Not for loan Collection code Home library Current library Shelving location Date acquired Vendor Name Cost, normal purchase price SGTU Bill Number Full call number Accession No. (Barcode) Date last seen Bill Date Koha item type Total Checkouts Checked out Date last borrowed
    Dewey Decimal Classification   Not For Loan COMMERCE MANAGEMENT SGT Science & Social Sciences Library SGT Science & Social Sciences Library Reference Book 24/02/2024 BIRJWASI 998.00 SGTU BW/000107 519.5 GUP CM7054 24/02/2024   Books      
    Dewey Decimal Classification     COMMERCE MANAGEMENT SGT Science & Social Sciences Library SGT Science & Social Sciences Library Text Book 24/02/2024 BIRJWASI 998.00 SGTU BW/000107 519.5 GUP CM7055 17/03/2026   Books 6 16/04/2026 17/03/2026
    Dewey Decimal Classification     COMMERCE MANAGEMENT SGT Science & Social Sciences Library SGT Science & Social Sciences Library Text Book 24/02/2024 BIRJWASI 998.00 SGTU BW/000107 519.5 GUP CM7056 13/06/2025   Books 5   29/05/2025
    Dewey Decimal Classification     COMMERCE MANAGEMENT SGT Science & Social Sciences Library SGT Science & Social Sciences Library Text Book 24/02/2024 BIRJWASI 998.00 SGTU BW/000107 519.5 GUP CM7057 13/05/2026   Books 7   13/05/2026
    Dewey Decimal Classification     COMMERCE MANAGEMENT SGT Science & Social Sciences Library SGT Science & Social Sciences Library Text Book 24/02/2024 BIRJWASI 998.00 SGTU BW/000107 519.5 GUP CM7058 16/09/2024   Books 1   03/09/2024